| 000 | 00562nam a2200205 i 4500 | ||
|---|---|---|---|
| 001 | 85498 | ||
| 003 | ES-MaACL | ||
| 005 | 20250827062613.0 | ||
| 007 | t| | ||
| 008 | 041128s1982 sp ||||1| spa d | ||
| 110 | 1 |
_aEspaña _93622 |
|
| 245 | 1 | 0 | _aJurisdicción contencioso administrativa. |
| 250 | _a[11ª ed.]. | ||
| 260 |
_aMadrid : _bBoletín Oficial del Estado, _c1982. |
||
| 300 |
_a256 p. ; _c17 cm. |
||
| 490 | 1 |
_aTextos legales ; _v8 |
|
| 830 | 0 |
_aTextos legales ; _v8 _9178122 |
|
| 852 |
_aES-MaACL _jL-6007 _bR.106584 |
||
| 999 |
_c85498 _d85498 |
||